| 000 | 02055cam a22004694i 4500 | ||
|---|---|---|---|
| 003 | PE-LiUPU | ||
| 005 | 20250731183354.0 | ||
| 008 | 160926s r 000 0 spa d | ||
| 020 | _a8425222362 | ||
| 020 | _a9788425222368 | ||
| 035 | _a(Sirsi) a163781 | ||
| 040 |
_aPE-LiUPU _bspa _cPE-LiUPU _erda |
||
| 041 | 1 | _aPRUA | |
| 049 |
_hfre _aspa |
||
| 082 | 0 | 4 |
_a720.9 _bC562 _220 |
| 100 | 1 |
_aChoay, Françoise, _eautor. |
|
| 245 | 1 | 0 |
_aAlegoría del patrimonio / _cFrançoise Choay. |
| 264 |
_aBarcelona : _b Gustavo Gili, _c2016. |
||
| 300 |
_a263 páginas ; _c21 centímetros. |
||
| 336 |
_atext _2rdacontent |
||
| 337 |
_aunmediated _2rdamedia |
||
| 338 |
_avolume _2rdacarrier |
||
| 504 | _aBibliografía : páginas 245-257. | ||
| 504 | _aÍndice : páginas 259-263. | ||
| 505 | 0 | _aLos humanismos y el minumento antiguo -- El tiempo de los anticuarios monumentales reales y monumentos figurados -- La revolución francesa -- La consagración del monumento histórico, 1820-1960 -- La unidad del patrimonio urbano -- El patrimonio histórico en la era de la industria cultural -- La competencia de edificar. | |
| 526 | _aP158 | ||
| 526 | _aP146 | ||
| 526 | _aP17 | ||
| 526 | _aP12 | ||
| 526 | _aP06 | ||
| 534 |
_pTítulo original : _tL'Allégorie de patrimoine. |
||
| 541 | _g0020-0001186; | ||
| 650 | 1 | 4 | _aArquitectura e historia. |
| 650 | 2 | 4 |
_aMonumentos _xConservación y restauración. |
| 650 | 2 | 4 |
_aEdificios históricos _xConservación y restauración. |
| 910 |
_ajck _bncf _cncf _d20160926 |
||
| 942 |
_2ddc _cBOOK |
||
| 949 |
_a720.9 C562 _wDEWEY _c1 _i74770 _lCATALOGING _mBUL _p40.24 _r0 _sY _tBOOK _u26/09/16 _xINGENIERIA _PP06 _0COMPRA _o.STAFF. Colección Ingenieria y Arquitectura |
||
| 994 |
_aC0 _bPEPRU |
||
| 596 | _a1 | ||
| 999 |
_a720.9 C562 _wDEWEY _c12644 _i74770 _d12644 _e2018-5-9 _f2021-11-9 _g7 _lCCODEBUL1 _mBUL _n3 _p40.24 _r0 _sY _tBOOK _u2016-9-26 _xINGENIERIA _PP06 _0COMPRA _o.STAFF. Colección Ingenieria y Arquitectura |
||
| 980 |
_81 _gALBERTO SANCHEZ Responsable de Automatización |
||